| 000 | 00454nam a2200157Ia 4500 | ||
|---|---|---|---|
| 999 |
_c32224 _d32224 |
||
| 003 | GCL | ||
| 005 | 20240530102432.0 | ||
| 008 | 140319s9999 xx 000 0 ara d | ||
| 040 |
_aGCL / _cGCL |
||
| 082 | 0 | 4 |
_a809 _bر ف |
| 100 | 0 | _aرجاء عيد | |
| 245 | 1 | 0 |
_aفلسفة الالتزام فى النقد الادبى / _cرجاء عيد |
| 260 |
_a[S.N] : _bمكتبه النهضه المصريه ، _c1988 |
||
| 300 | _a383 ص | ||
| 942 |
_2ddc _cBK |
||